000 00495 a2200157 4500
020 _a0071006516 (paperback)
020 _a9780071006514 (paperback)
090 _c5188
_d5188
100 1 _aPutti, Joseph M.
245 1 0 _aManagement :
_basian context /
_cJoseph M. Putti.
260 _a[S.l.] :
_bMcGraw-Hill Book Co Inc.,
_c1991.
300 _a263 p.
500 _aImport.
856 4 0 _3Amazon.com
_uhttp://www.amazon.com/exec/obidos/ASIN/0071006516/chopaconline-20
942 _aNBS
_cBK
_k658 PUT
999 _c347607
_d347607